00353nam a2200121Ia 4500008004100000245009200041260001700133260000900150300000800159650002300167650001200190856002900202170516s9999 xx 000 0 und d aSimultaneous Mapping of Pan and Sentinel Lymph Nodes for Real-Time Image-Guided Surgery bTheranostics c2014 a4:7 xMedical Technology xMedtech uhttp://www.thno.org/v4i7